00317nam a2200121Ia 4500008004100000082001600041100001700057245005100074250000800125260004600133300000800179650000800187191201s2009 xx 000 0 und d a658.15bPEW aPERIASAMY, P 0aWorking Capital Management Theory and Practice aRep aN.DelhibHimalaya Publication Housec2009 a274 aMBA